Estadísticas para Imágenes de Satélite #2

Haz click aquí para intentar la prueba.

Estadísticas generales

  • Esta prueba ha sido intentada 1.465 veces
  • La puntuación promedio es 14 de 17

Estadísticas de respuestas

Respuesta% Correcto
África
99%
Península Ibérica
97%
Francia
96%
India
96%
Florida
95%
Panamá
94%
Sudáfrica
94%
Noruega
92%
Turquía
91%
Alpes
85%
Nueva Zelanda
85%
Venecia
74%
Corea
73%
Golfo de México
72%
Mar Egeo
62%
Golfo Pérsico
56%
Sinaí
53%

Distribución de puntuación

Porcentaje por número respondido

Porcentaje de gente con cada puntuación

Historial de tus puntuaciones

No has intentado esta prueba.